| 000 | 00371pab a2200145 454500 | ||
|---|---|---|---|
| 008 | 180718b2002 xxu||||| |||| 00| 0 eng d | ||
| 100 | _aPandey, Ajit Kumar | ||
| 245 | _aTribal society - the changing scenario (a review article) | ||
| 260 | _c2002 | ||
| 300 | _ap.371-74. | ||
| 362 | _aOct-Dec | ||
| 650 | _aTribes | ||
| 773 | _aEastern Anthropologist | ||
| 909 | _a59960 | ||
| 999 |
_c59960 _d59960 |
||